000 00562nam a2200193Ia 4500
005 20250326142315.0
008 250326s9999 xx 000 0 und d
020 _a0-02-916662-4
037 _aTextbook
040 _aFMSL
_beng
_cFMSL
041 _aeng
_2eng
084 _aX:513y7 N5
_qFMSL
100 _aJones J P
_9735135
245 0 _aWhen ads work: New proof that advertising triggers sales
_cJones J P
260 _aNew York
_bNew York, Lexington books
_c1993
300 _a240p
942 _cTB
_hX:513y7 N5
999 _c1294405
_d1294405